Countries Bordering Red Sea - Map Quiz - Statistics

General Stats
  • This quiz has been taken 516 times
  • The average score is 7 of 7
Answers on the Map
Answers color-coded by a green-red scale on the quiz's map according to % correct below.
 
Answer Stats
Answer % Correct
Egypt
99%
Eritrea
98%
Jordan
98%
Saudi Arabia
98%
Yemen
98%
Sudan
97%
Israel
95%
No matching quizzes found
Score Distribution
Percent of People with Each Score
Percentile by Number Answered
Your Score History
You have not taken this quiz